Sewerage and sewage disposal (Record no. 547992)
[ view plain ]
| 000 -LEADER | |
|---|---|
| fixed length control field | 00844cam a2200205K 4500 |
| 082 ## - DEWEY DECIMAL CLASSIFICATION NUMBER | |
| Classification number | 628.3 |
| Author Mark | MET |
| -- | L-23, P-85. |
| 100 1# - MAIN ENTRY--PERSONAL NAME | |
| Personal name | Metcalf, Leonard, |
| 9 (RLIN) | 44172 |
| 245 10 - TITLE STATEMENT | |
| Title | Sewerage and sewage disposal |
| Remainder of title | a textbook, |
| Statement of responsibility, etc. | by Leonard Metcalf and Harison P. Eddy. |
| 250 ## - EDITION STATEMENT | |
| Edition statement | 1st ed. |
| 260 ## - PUBLICATION, DISTRIBUTION, ETC. | |
| Place of publication, distribution, etc. | New York [etc.] |
| Name of publisher, distributor, etc. | McGraw-Hill Book Co., |
| Date of publication, distribution, etc. | 1922. |
| 300 ## - PHYSICAL DESCRIPTION | |
| Extent | 1 online resource (xiv, 598 p.) |
| Other physical details | illus., fold. maps, tables (1 fold.) diagrs. (part fold.) |
| 500 ## - GENERAL NOTE | |
| General note | A single-volume abridgment of the 3 vols. of "American sewerage practice" published in 1914-15. cf. Pref. |
| 526 ## - STUDY PROGRAM INFORMATION NOTE | |
| Program name | 0 |
| Interest level | 0 |
| Reading level | 0 |
| Title point value | 628_300000000000000_MET |
| 650 #0 - SUBJECT ADDED ENTRY--TOPICAL TERM | |
| Topical term or geographic name entry element | MCE |
| 9 (RLIN) | 379 |
| 650 #0 - SUBJECT ADDED ENTRY--TOPICAL TERM | |
| Topical term or geographic name entry element | Sewage disposal. |
| 9 (RLIN) | 392 |
| 650 #0 - SUBJECT ADDED ENTRY--TOPICAL TERM | |
| Topical term or geographic name entry element | Sewerage. |
| 9 (RLIN) | 5193 |
| 700 1# - ADDED ENTRY--PERSONAL NAME | |
| Personal name | Eddy, Harrison Prescott, |
| 9 (RLIN) | 44173 |
| 856 40 - ELECTRONIC LOCATION AND ACCESS | |
| Uniform Resource Identifier | <a href="http://catalog.hathitrust.org/api/volumes/oclc/2548336.html">http://catalog.hathitrust.org/api/volumes/oclc/2548336.html</a> |
| 942 ## - ADDED ENTRY ELEMENTS (KOHA) | |
| Source of classification or shelving scheme | |
| Koha item type | Book |
| Withdrawn status | Lost status | Source of classification or shelving scheme | Damaged status | Not for loan | Permanent Location | Current Location | Date acquired | Total Checkouts | Full call number | Barcode | Date last seen | Price effective from | Koha item type |
|---|---|---|---|---|---|---|---|---|---|---|---|---|---|
| Military College of Engineering (MCE) | Military College of Engineering (MCE) | 08/13/2014 | 628.3 MET | MCE-397 | 08/20/2014 | 08/13/2014 | Book |
